Re-understanding entrepreneurship : what it is and why it matters /
How do entrepreneurs make decisions in the real world? Why are entrepreneurs absent from mainstream economics? What functions do entrepreneurs play in the market? What type of institutional environment is needed for entrepreneurship to play a role? Neoclassical economics is a market theory without e...
Salvato in:
| Autore principale: | |
|---|---|
| Natura: | Libro |
| Pubblicazione: |
New York :
Cambridge University Press,
c2024
|
| Soggetti: | |
| Tags: |
Aggiungi Tag
Nessun Tag, puoi essere il primo ad aggiungerne!!
|
MARC
| LEADER | 00000nam a22000007a 4500 | ||
|---|---|---|---|
| 005 | 20250625095757.0 | ||
| 020 | |a 9781009453363 |c TZs.100,347/- | ||
| 040 | |a MUL |b eng. |e AACR2 | ||
| 082 | |a 658.022 ZHA | ||
| 100 | |a Zhang, Weiying | ||
| 245 | |a Re-understanding entrepreneurship : |b what it is and why it matters / |c Weiying Zhang | ||
| 260 | |a New York : |b Cambridge University Press, |c c2024 | ||
| 300 | |a xiii,362p.: |b ill.; |c 23cm. | ||
| 500 | |a Includes references & index | ||
| 505 | |a Part I : The Nature of Knowledge and Entrepreneurship. Soft knowledge and entrepreneurship Understanding entrepreneurial decisions Big data cannot replace entrepreneurs Prejudice and hostility towards entrepreneurs is common Part II : Entrepreneurs in Market Theories. The two paradigms of the market What is a good market theory? Entrepreneurship is the best anti-monopoly law Entrepreneurial profit and common prosperity Part III : Uncertainty of Innovation and Industrial Policy. Entrepreneurs in economic growth: arbitrage and innovation The uncertainty of innovation The airship and airplane duel Entrepreneurship and industrial policy Part IV : Institutional Ecology of Entrepreneurship. What determines the allocation of entrepreneurial talents? Entrepreneurs and capitalists Protection of rights versus protection of interests Challenges for entrepreneurs from conflicting values Appendix A : My journey studying entrepreneurs Appendix B : How I came to know the Austrian School of Economics | ||
| 520 | |a How do entrepreneurs make decisions in the real world? Why are entrepreneurs absent from mainstream economics? What functions do entrepreneurs play in the market? What type of institutional environment is needed for entrepreneurship to play a role? Neoclassical economics is a market theory without entrepreneurship. This misconception distorts our understanding of how the real market works, leading to a theory of market failure that forms the common foundation of various government interventions. The market is not only an allocative process but, more importantly, a discovery and creative process. To understand the real market, Weiying Zhang argues that economics must shift from a price-centric to an entrepreneur-centric paradigm. Blending theory and narrative, Zhang intersects history with the present supporting his theory with relevant case studies. He argues that once entrepreneurship in the market is correctly understood, the foundation for government intervention is undermined and the economy can sustainably flourish | ||
| 546 | |a eng. | ||
| 650 | |a Entrepreneuriat | ||
| 650 | |a Entrepreneurship | ||
| 650 | |a entrepreneurs | ||
| 942 | |c BK | ||
| 999 | |c 11029 |d 11029 | ||